000 01024cam a22002891i 4500
001 gs 06000719
003 DLC
005 20260227111304.0
008 790302s1906 dcu f001 0 eng
010 _ags 06000719
035 _a(OCoLC)4707668
040 _aDLC
_cICharE
_dDLC
042 _apremarc
043 _an-us-pa
050 0 0 _aQE75
_b.B9 no. 288
100 1 _aGannett, Samuel S.
_q(Samuel Stinson),
_d1861-1939.
245 1 0 _aResults of spirit leveling in Pennsylvania for the years 1899 to 1905 inclusive /
_cby S. S. Gannett and D. H. Baldwin.
260 _aWashington,
_bGovt. Print. Off.,
_c1906.
300 _a 62, ii p. ;
_c24 cm.
490 1 _aU.S. Geological survey. Bulletin
_vno. 288
500 _aSubject series: F, Geography, 50.
500 _aIssued also as House doc. no. 836, 59th Cong., 1st sess.
500 _aIncludes index.
651 0 _aPennsylvania
_xAltitudes.
700 1 _aBaldwin, David Henry,
_d1873-
_ejoint author.
810 2 _aGeological Survey (U.S.).
_tBulletin ;
_vno. 288.
999 _c24463
_d24463